Statistics for Southernmost Finnish Regions

Click here to take the quiz!

General Stats

  • This quiz has been taken 4 times
  • The average score is 5 of 8

Answer Stats

Region% Correct
South Karelia
100%
Uusimaa
100%
Åland Islands
75%
Southwest Finland
75%
Tavastia Proper
50%
Kymenlaakso
25%
Pirkanmaa
25%
Satakunta
25%

Score Distribution

Percentile by Number Answered

Percent of People with Each Score

Your Score History

You have not taken this quiz